00480nam a2200157Ia 450000500170000000800410001708200130005824500380007126000370010930000180014665000200016470000180018494200060020295200990020899900150030720250313110045.0240331s9999 xx 000 0 und d bEELa894 0aEelathu samakala thamil ilakkiyam aNugegodabvibavi Cultural Centre aviii, 86 p ., aTamil Illakiyam aVibavi. eedt cL 001040708LaWERCLbWERCLcSSCd2024-03-31l0o 894.811 EELp2969r2024-03-31w2024-03-31yL c4257d4257